LEADER 02375aam 2200373 n 450 001 9910874772303321 005 20250618102223 010 $a83-8142-177-2 035 $a(CKB)4100000007927553 035 $a(ceeol)ceeol843692 035 $a(CEEOL)843692 035 $a(EXLCZ)994100000007927553 100 $a20252218d2018 ||l | 101 0 $apol 200 1 $aMuzyka, Literatura, Filozofia. O filozoficznych w?tkach w twórczo?ci Ryszarda Wagnera i w Ulissesie Jamesa Joyce?a$fMarek Rosiak 210 $a?ód? [Poland] $cWydawnictwo Uniwersytetu ?ódzkiego$d2018 215 $a1 online resource (1 p. 292) 225 $aUniwersytet ?ódzki 311 08$a83-8142-176-4 330 $aAn attempt to identify and interpret philosophical themes appearing in the dramatic output of Richard Wagner is an essential part of the publication. Presenting my own interpretation, I lay no claim to its exclusive accuracy. In my opinion, every great work of art ? to which Tristan und Isolde, The Ring of the Nibelung cycle or Parsifal undoubtedly belong ? has a universal message, which means it can be understood in different ways. My analyses on Wagner are completed by a study on absolute music in which I discuss the concept of expressing a certain programmme in music that has no relation to a literary text. The last part of the book concerns itself with the peregrination of the hero of Joyce?s Ulysses from the perspective of transcendental philosophy. Although it is not known if Joyce had studied Husserl?s phenomenology, we can draw a parallel between the contents of his work and the issue of transcendental solipsism that Husserl tackled in the Fifth Cartesian Meditation. Transcendental perspective makes it possible to view the series of incidents befalling Leopold Bloom as a process akin to the progress of a musical piece. 606 $aPhilosophy 606 $aMusic 606 $aStudies of Literature 615 0$aPhilosophy 615 0$aMusic 615 0$aStudies of Literature 700 $aRosiak$b Marek$01826652 712 02$aCentral and Eastern European Online Library 801 0$bceeol 801 1$bceeol 906 $aBOOK 912 $a9910874772303321 996 $aMuzyka, Literatura, Filozofia. O filozoficznych w?tkach w twórczo?ci Ryszarda Wagnera i w Ulissesie Jamesa Joyce?a$94394677 997 $aUNINA